| 000 | 00798nam a22002417a 4500 | ||
|---|---|---|---|
| 999 |
_c10520 _d10520 |
||
| 003 | AR-CdUCM | ||
| 008 | 190401b ||||| |||| 00| 0 spa d | ||
| 040 |
_aMUNICIPALIDAD PROVINCIAL DEL CUSCO _cBIBLIOTECA MUNICIPAL DEL CUSCO |
||
| 041 | _heng | ||
| 082 |
_aES / 800 / _bS45 |
||
| 100 |
_aSewell, Anna _927432 |
||
| 245 | _aAzabache / | ||
| 260 |
_aBuenos Aires : _bEditorial Acme. _c1956. |
||
| 300 |
_a280 páginas. _c19 cm. |
||
| 440 |
_aColección Robin Hood _927354 |
||
| 505 | _aColección: Mi primer hogar -- La cacería -- Mi doma -- El parte de Bellavista -- Jengibre -- Alegría... | ||
| 650 |
_aLiteratura escolar _926679 |
||
| 650 |
_aInfantil _96210 |
||
| 650 |
_aBellavista _927433 |
||
| 700 |
_aOrtiz Barili, Pedro (prólogo) _927434 |
||
| 942 |
_2ddc _cLIBROS |
||
| 945 | _adavv | ||